| 000 | 02247cam a22003258i 4500 | ||
|---|---|---|---|
| 001 | 22524857 | ||
| 005 | 20221221095039.0 | ||
| 008 | 220426s2022 nyu 000 1 eng | ||
| 010 | _a 2022019745 | ||
| 020 |
_a9781950994496 _q(hardback) |
||
| 020 |
_z9781950994502 _q(epub) |
||
| 040 |
_aDLC _beng _erda _cDLC |
||
| 042 | _apcc | ||
| 050 | 0 | 0 |
_aPS3601.Z59 _bA84 2022 |
| 082 | 0 | 0 |
_a813.6 _bAMN |
| 084 |
_aFIC043000 _aFIC081000 _2bisacsh |
||
| 100 | 1 |
_aAziz Amna, Dur E, _eauthor. _9105440 |
|
| 245 | 1 | 0 |
_aAmerican fever : _ba novel / _cDur e Aziz Amna. |
| 263 | _a2208 | ||
| 264 | 1 |
_aNew York : _bArcade Publishing, _c[2022] |
|
| 300 | _a232 p. ; | ||
| 520 |
_a"For fans of Valeria Luiselli and Mohsin Hamid comes a fresh new perspective on coming-of-age as a Pakistani Muslim in rural America. "This is a fearless, exacting, essential work, and marks the debut of a thrilling new global voice."-Peter Ho Davies, author of The Welsh Girl. On a year-long exchange program in rural Oregon, sixteen-year-old Hira must swap Kashmiri chai for volleyball practice and understand why everyone around her seems to dislike Obama. A skeptically witty narrator, Hira finds herself stuck between worlds. The experience is memorable for reasons both good and bad; a first kiss, new friends, racism, Islamophobia, homesickness. Along the way Hira starts to feel increasingly unwell until she begins coughing up blood, and receives a diagnosis of tuberculosis, pushing her into quarantine and turning her newly established home away from home upside down. American Fever is a compelling and laugh-out-loud funny novel about adolescence, family, otherness, religion, the push-and-pull of home. It marks the entrance on the international literary scene of the brilliant fresh voice of Dur e Aziz Amna. "-- _cProvided by publisher. |
||
| 650 | 7 |
_aFICTION / Coming of Age _2bisacsh _9105441 |
|
| 650 | 7 |
_aFICTION / Muslim _2bisacsh _9105442 |
|
| 655 | 7 |
_aNovels. _2lcgft _996108 |
|
| 776 | 0 | 8 |
_iOnline version: _aAziz Amna, Dur E. _tAmerican fever _dNew York : Arcade Publishing, [2022] _z9781950994502 _w(DLC) 2022019746 |
| 906 |
_a7 _bcbc _corignew _d1 _eecip _f20 _gy-gencatlg |
||
| 942 |
_2ddc _cBK |
||
| 999 |
_c592748 _d592748 |
||